Územní systémy ekologické stability (ÚSES, SES) Stručný přehled problematiky

Salvato in:
Dettagli Bibliografici
Autore principale: Lafarová, Marie
Natura: Libro
Lingua:ceco
Pubblicazione: Praha Výzkumný ústav výstavby a architektury 1994
Edizione:1. vyd.
Soggetti:
Tags: Aggiungi Tag
Nessun Tag, puoi essere il primo ad aggiungerne!!

MARC

LEADER 00000nam a2200000 4500
001 c005361
005 20221214075038.1
020 |a 80-85124-49-1 
041 0 |a cze 
044 |a CZ 
245 1 0 |a Územní systémy ekologické stability (ÚSES, SES)  |b Stručný přehled problematiky  |c Marie Lafarová 
250 |a 1. vyd. 
264 1 |a Praha  |b Výzkumný ústav výstavby a architektury  |c 1994 
300 |a 10 s. 
610 2 0 |a prostredie životné 
610 2 0 |a ochrana prírody 
610 2 0 |a ochrana prostredia životného 
610 2 0 |a ÚSES 
610 2 0 |a Česko 
610 2 0 |a usporiadanie krajiny 
610 2 0 |a ekológia 
610 2 0 |a EECONET 
610 2 0 |a plánovanie územné 
100 1 |a Lafarová, Marie